5HLuxD.jpg

KING HENRY VIII SENIOR AND PRIMARY SCHOOL LIBRARY OPAC

Otherwood / (Record no. 5400)

000 -LEADER
fixed length control field 02281cam a2200457 i 4500
001 - CONTROL NUMBER
control field 20668282
003 - CONTROL NUMBER IDENTIFIER
control field OSt
005 - DATE AND TIME OF LATEST TRANSACTION
control field 20250910101736.0
008 - FIXED-LENGTH DATA ELEMENTS--GENERAL INFORMATION
fixed length control field 180913t20182018mau c 000 1 eng d
010 ## - LIBRARY OF CONGRESS CONTROL NUMBER
LC control number 2018958181
020 ## - INTERNATIONAL STANDARD BOOK NUMBER
International Standard Book Number 9781536215793
035 ## - SYSTEM CONTROL NUMBER
System control number 20668282
035 ## - SYSTEM CONTROL NUMBER
System control number (OCoLC)1020312953
040 ## - CATALOGING SOURCE
Original cataloging agency YDX
Language of cataloging eng
Transcribing agency YDX
Description conventions rda
Modifying agency BDX
-- TOH
-- GZD
-- JAO
-- OI6
-- DAD
-- VP@
-- CZA
-- EHH
-- BKL
-- OCLCQ
-- NYP
-- CCLML
-- RB0
-- DLC
-- DLC
-- KH8
042 ## - AUTHENTICATION CODE
Authentication code lccopycat
082 ## - DEWEY DECIMAL CLASSIFICATION NUMBER
Classification number FIC HAU
100 1# - MAIN ENTRY--PERSONAL NAME
Personal name Hautman, Pete,
Dates associated with a name 1952-
Relator term author.
245 10 - TITLE STATEMENT
Title Otherwood /
Statement of responsibility, etc. Pete Hautman.
246 14 - VARYING FORM OF TITLE
Title proper/short title Other wood
250 ## - EDITION STATEMENT
Edition statement First edition.
264 #1 - PRODUCTION, PUBLICATION, DISTRIBUTION, MANUFACTURE, AND COPYRIGHT NOTICE
Place of production, publication, distribution, manufacture Somerville, Massachusetts :
Name of producer, publisher, distributor, manufacturer Candlewick Press,
Date of production, publication, distribution, manufacture, or copyright notice 2018.
264 #4 - PRODUCTION, PUBLICATION, DISTRIBUTION, MANUFACTURE, AND COPYRIGHT NOTICE
Date of production, publication, distribution, manufacture, or copyright notice ©2018
300 ## - PHYSICAL DESCRIPTION
Extent 303 pages ;
Dimensions 22 cm
336 ## - CONTENT TYPE
Content type term text
Content type code txt
Source rdacontent
337 ## - MEDIA TYPE
Media type term unmediated
Media type code n
Source rdamedia
338 ## - CARRIER TYPE
Carrier type term volume
Carrier type code nc
Source rdacarrier
520 ## - SUMMARY, ETC.
Summary, etc. "'Hatred combined with lies and secrets can break the world." Grandpa Zach used to say that before he died, but Stuey never really knew what he meant. It was kind of like how he used to talk about quantum physics, or how he used to say ghosts haunted the overgrown golf course. But then one day, when Stuey and his best friend, Elly Rose, are playing in the deadfall in the middle of the woods, something totally unbelievable happens. As Stuey and Elly Rose struggle to come to grips with their lives after that moment, all the things Grandpa Zach used to say started to make sense. This is a book about memory and loss and the destructive nature of secrets, but also about the way friendship, truth, and perseverance have the ability to knit a torn-apart world back together.--
Assigning source Publisher's description.
650 #0 - SUBJECT ADDED ENTRY--TOPICAL TERM
Topical term or geographic name entry element Family secrets
Form subdivision Juvenile fiction.
650 #0 - SUBJECT ADDED ENTRY--TOPICAL TERM
Topical term or geographic name entry element Grief
Form subdivision Juvenile fiction.
650 #0 - SUBJECT ADDED ENTRY--TOPICAL TERM
Topical term or geographic name entry element Grandparent and child
Form subdivision Juvenile fiction.
650 #0 - SUBJECT ADDED ENTRY--TOPICAL TERM
Topical term or geographic name entry element Ghost stories.
650 #0 - SUBJECT ADDED ENTRY--TOPICAL TERM
Topical term or geographic name entry element Reality
Form subdivision Juvenile fiction.
650 #1 - SUBJECT ADDED ENTRY--TOPICAL TERM
Topical term or geographic name entry element Families
Form subdivision Fiction.
650 #1 - SUBJECT ADDED ENTRY--TOPICAL TERM
Topical term or geographic name entry element Secrets
Form subdivision Fiction.
650 #1 - SUBJECT ADDED ENTRY--TOPICAL TERM
Topical term or geographic name entry element Grief
Form subdivision Fiction.
650 #1 - SUBJECT ADDED ENTRY--TOPICAL TERM
Topical term or geographic name entry element Grandparent and child
Form subdivision Fiction.
655 #7 - INDEX TERM--GENRE/FORM
Genre/form data or focus term Novels.
Source of term lcgft
655 #7 - INDEX TERM--GENRE/FORM
Genre/form data or focus term Fiction.
Source of term lcgft
Authority record control number or standard number https://id.loc.gov/authorities/genreForms/gf2014026339
655 #7 - INDEX TERM--GENRE/FORM
Genre/form data or focus term Fiction.
Source of term lcgft
Authority record control number or standard number https://id.loc.gov/authorities/genreForms/gf2014026339
942 ## - ADDED ENTRY ELEMENTS (KOHA)
Source of classification or shelving scheme
Koha item type Books - Fiction
Holdings
Withdrawn status Lost status Source of classification or shelving scheme Damaged status Not for loan Collection code Permanent Location Current Location Shelving location Date acquired Full call number Barcode Date last seen Price effective from Koha item type
          Fiction KH8 Senior School Library KH8 Senior School Library Fiction 2025-09-10 FIC HAU 3KHSL000102419 2025-09-10 2025-09-10 Books - Fiction

Powered By KH8 IT Dept